Star Wars Charaktere Anagramme - Statistiken

Allgemein
  • Dieses Quiz wurde 575 mal gespielt
  • Das Durchschnittsergebnis liegt bei 11 aus 16
Antwortstatistiken
Hint Antwort % Korrekt
ahn lsoo Han Solo
98%
madpe dlmaiaa Padme Amidala
97%
22dr R2D2
90%
obba teft Boba Fett
87%
cwhacaecb Chewbacca
87%
ajr jra nbski Jar Jar Binks
86%
nfni Finn
81%
meac uidwn Mace Windu
81%
dyao Yoda
73%
aeli nogara Leia Organa
67%
elku kwksylrea Luke Skywalker
66%
danlo rsiaclnasi Lando Calrissian
64%
notcu koudo Count Dooku
57%
njy seor Jyn Erso
37%
ksneo Snoke
31%
leuabsb Sebulba
29%
Keine übereinstimmenden Quizze gefunden
Verteilung der Resultate
Anzahl Personen mit jedem Resultat
Perzentil nach korrekt beantworteten Fragen
Ihre Resultats-Entwicklung
Sie haben dieses Quiz noch nicht gespielt